Assertiveness at work : (Record no. 129035)
[ view plain ]
| 000 -LEADER | |
|---|---|
| fixed length control field | 00804nam a22002657a 4500 |
| 003 - CONTROL NUMBER IDENTIFIER | |
| control field | 0 |
| 005 - DATE AND TIME OF LATEST TRANSACTION | |
| control field | 20180705160004.0 |
| 008 - FIXED-LENGTH DATA ELEMENTS--GENERAL INFORMATION | |
| fixed length control field | 0 |
| 010 ## - LIBRARY OF CONGRESS CONTROL NUMBER | |
| LC control number | B-132401 |
| 020 ## - INTERNATIONAL STANDARD BOOK NUMBER | |
| Terms of availability | 260.00 |
| International Standard Book Number | 0070588767 |
| 035 ## - SYSTEM CONTROL NUMBER | |
| System control number | B-132401, B-132402 |
| 037 ## - SOURCE OF ACQUISITION | |
| Source of stock number/acquisition | Cen Lib/Ret |
| 040 ## - CATALOGING SOURCE | |
| Original cataloging agency | DPL |
| Language of cataloging | EN |
| Transcribing agency | 0 |
| 082 ## - DEWEY DECIMAL CLASSIFICATION NUMBER | |
| Classification number | 658.409 |
| Item number | BAC |
| 100 ## - MAIN ENTRY--PERSONAL NAME | |
| Personal name | Back, Ken |
| 9 (RLIN) | 25178 |
| 245 ## - TITLE STATEMENT | |
| Title | Assertiveness at work : |
| Statement of responsibility, etc | by Ken Back [and] Kate Back |
| Remainder of title | practical guide to handling awkward situtaions / |
| 250 ## - EDITION STATEMENT | |
| Edition statement | 3rd ed |
| 260 ## - PUBLICATION, DISTRIBUTION, ETC. (IMPRINT) | |
| Place of publication, distribution, etc | New Delhi |
| Name of publisher, distributor, etc | Tata macgraw hill publishing compnay |
| Date of publication, distribution, etc | 2004 |
| 270 ## - ADDRESS | |
| City | New Delhi |
| Address | 7 west patel nagar |
| Postal code | 110008 |
| 300 ## - PHYSICAL DESCRIPTION | |
| Extent | viii,207p. |
| Dimensions | 20cm(pbk) |
| 650 ## - SUBJECT ADDED ENTRY--TOPICAL TERM | |
| Topical term or geographic name as entry element | Assertaion |
| 9 (RLIN) | 25179 |
| 650 ## - SUBJECT ADDED ENTRY--TOPICAL TERM | |
| Topical term or geographic name as entry element | Behaviour asprct |
| 9 (RLIN) | 25180 |
| 700 ## - ADDED ENTRY--PERSONAL NAME | |
| 9 (RLIN) | 25098 |
| Personal name | Back, Kate |
| 942 ## - ADDED ENTRY ELEMENTS (KOHA) | |
| Source of classification or shelving scheme | Dewey Decimal Classification |
| Koha item type | English Books |
| Classification part | 685.409 |
| Call number suffix | BAC |
| Withdrawn status | Lost status | Damaged status | Not for loan | Home library | Current library | Date acquired | Source of acquisition | Cost, normal purchase price | Total Checkouts | Full call number | Barcode | Date last seen | Date checked out | Copy number | Cost, replacement price | Price effective from | Koha item type | Source of classification or shelving scheme | Collection code |
|---|---|---|---|---|---|---|---|---|---|---|---|---|---|---|---|---|---|---|---|
| Central Library | Central Library | 04/07/2015 | Cen Lib/Ret | 0.00 | 2 | 658.409 BAC | B-132401 | 20/08/2018 | 11/08/2018 | 1 | 0.00 | 04/07/2015 | English Books | ||||||
| Patel Nagar | Patel Nagar | 05/07/2018 | BPPD/Pub | 0.00 | 685.409 BAC | B-132402 | 05/07/2018 | 1 | 0.00 | 05/07/2018 | English Books | Dewey Decimal Classification | Non-fiction |
